Control presupuestario /

Contiene: La importancia del control económico-financiero de la gestión empresarial; El proceso de planificación; El proceso de elaboración del presupuesto: el caso de la empresa de servicios y de la empresa comercial; El proceso de elaboración del presupuesto: el caso de la empresa industrial; el c...

Descrizione completa

Salvato in:
Dettagli Bibliografici
Autore principale: Amat Salas, Joan María (autor)
Natura: Libro
Lingua:spagnolo
Pubblicazione: Barcelona, España : Gestión 2000, 2000, c2000
Soggetti:
Tags: Aggiungi Tag
Nessun Tag, puoi essere il primo ad aggiungerne!!

MARC

LEADER 00000nam^a2200000^a^4500
001 000154723
005 20250521000000.0
009 20260310100404.821
020 |a 84-8088-241-7 
037 |a Acervo ITESO - Biblioteca 
041 |a ESP 
082 |a 658. 152  |b AMA 
100 |a Amat Salas, Joan María  |e (autor) 
245 1 0 |a Control presupuestario /  |c J.M. Amat Salas. 
264 4 |a Barcelona, España :  |b Gestión 2000,  |c 2000, c2000 
300 |a 173 p. 
336 |a texto  |b txt  |2 rdacontenido 
337 |a sin mediación  |b n  |2 rdamedio 
338 |a volumen  |b nc  |2 rdasoporte 
520 |a Contiene: La importancia del control económico-financiero de la gestión empresarial; El proceso de planificación; El proceso de elaboración del presupuesto: el caso de la empresa de servicios y de la empresa comercial; El proceso de elaboración del presupuesto: el caso de la empresa industrial; el cálculo de las desviaciones presupuestarias: el caso de la empresa de servicios y comercial; el cálculo de las desviaciones presupuestarias: el caso de la empresa industrial. 
649 |a XX 
650 |a Presupuesto -  |x Administración 
650 |a Contabilidad Financiera 
650 |a Contabilidad 
650 |a Control Interno 
650 |a Control Administrativo 
650 |a Organización Administrativa 
650 |a Proceso Administrativo 
650 |a Industria -  |x Administración 
650 |a Sector Servicios -  |x Administración 
650 |a Empresas -  |x Administración 
650 |a Ciencias Administrativas 
910 |a Fondo General 
920 |a Impresos - Libros 
930 |a Colección General 
905 |a 101 
901 |a 0500086524  |b IT1  |c ACC  |u 20250521 
902 |a https://opac.biblio.iteso.mx/vufind/Record/000154723